[Event "Sachsen-ch U16"]
[Site "Sebnitz"]
[Date "2013.04.03"]
[Round "3"]
[White "Engert, Marvin"]
[Black "Richter, Leonard"]
[Result "0-1"]
[WhiteElo "1775"]
[BlackElo "2069"]
[PlyCount "90"]
[EventDate "2013.04.02"]
[EventType "swiss"]
[EventRounds "7"]
[EventCountry "GER"]
[SourceTitle "EXT 2014"]
[Source "ChessBase"]
[SourceDate "2013.11.20"]
[SourceVersion "1"]
[SourceVersionDate "2013.11.20"]
[SourceQuality "1"]

1. d4 Nf6 2. c4 g6 3. Nc3 Bg7 4. e4 d6 5. Bd3 0-0 6. f3 a6 7. Be3 Nbd7 8. Nge2 c5 9. d5 Ne5 10. 0-0 Nfd7 11. f4 Nxd3 12. Qxd3 b5 13. Rab1 bxc4 14. Qxc4 a5 15. Rf3 Ba6 16. Qa4 Nb6 17. Qc2 Nc4 18. Bc1 Qd7 19. h3 Rfb8 20. Kh1 Rb7 21. g4 Rab8 22. b3 Nb6 23. f5 c4 24. h4 cxb3 25. axb3 Rc8 26. Qa2 Bxe2 27. Nxe2 Qb5 28. Bf4 Rbc7 29. Rc1 Qb4 30. Rxc7 Qe1+ 31. Kg2 Rxc7 32. Rf2 Qb4 33. Kf3 Qb5 34. Be3 Nd7 35. Qb1 a4 36. Nd4 Qb4 37. Nc6 Ne5+ 38. Nxe5 Bxe5 39. fxg6 hxg6 40. Qa2 Qxb3 41. Re2 Rc3 42. Qxb3 axb3 43. Kf2 Rc4 44. Bd2 b2 45. Re1 Ra4 0-1

[Event "Sachsen-ch U14"]
[Site "Sebnitz"]
[Date "2012.04.12"]
[Round "4"]
[White "Von Koslowski, Utz"]
[Black "Engert, Marvin"]
[Result "0-1"]
[WhiteElo "1510"]
[BlackElo "1608"]
[PlyCount "52"]
[EventDate "2012.04.10"]
[EventType "swiss"]
[EventRounds "7"]
[EventCountry "GER"]
[SourceTitle "CBM 148 Extra"]
[Source "ChessBase"]
[SourceDate "2012.06.22"]
[SourceVersion "1"]
[SourceVersionDate "2012.06.22"]
[SourceQuality "1"]

1. e4 c5 2. Nf3 Nc6 3. d4 cxd4 4. Nxd4 Nf6 5. Nc3 e5 6. Ndb5 d6 7. Bg5 a6 8. Na3 b5 9. Bxf6 gxf6 10. Nd5 f5 11. c3 Bg7 12. exf5 Bxf5 13. Nc2 0-0 14. Nce3 Bg6 15. Bd3 f5 16. 0-0 e4 17. Bc2 f4 18. Bb3 Kh8 19. Nc2 f3 20. g3 Qd7 21. Nde3 Rae8 22. Kh1 Ne5 23. Ne1 Bh6 24. Qd4 Qh3 25. N1c2 Rf5 26. Rg1 Qxh2+ 0-1

[Event "GER-chT U12"]
[Site "Gross Doelln"]
[Date "2010.12.30"]
[Round "7.1"]
[White "Gungl, Theo"]
[Black "Engert, Marvin"]
[Result "1-0"]
[WhiteElo "1667"]
[BlackElo "1672"]
[PlyCount "93"]
[EventDate "2010.12.27"]
[EventType "team-swiss"]
[EventRounds "7"]
[EventCountry "GER"]
[SourceTitle "CBM 140 Extra"]
[Source "ChessBase"]
[SourceDate "2011.03.01"]
[SourceVersion "1"]
[SourceVersionDate "2011.03.01"]
[SourceQuality "1"]
[WhiteTeam "Dresden USV TU U12"]
[BlackTeam "Leipzig Turm U12"]
[WhiteTeamCountry "GER"]
[BlackTeamCountry "GER"]

1. e4 c5 2. Nf3 Nc6 3. d4 cxd4 4. Nxd4 Nf6 5. Nc3 e5 6. Ndb5 d6 7. Bg5 a6 8. Na3 b5 9. Bxf6 gxf6 10. Nd5 f5 11. c3 fxe4 12. Bxb5 Bd7 13. Bxa6 Rxa6 14. Nb5 Ra7 15. Nxa7 Nxa7 16. a4 Bg7 17. b4 0-0 18. b5 Qa5 19. 0-0 Nc8 20. Qb3 Nb6 21. Nxb6 Qxb6 22. c4 Ra8 23. Qe3 Qxe3 24. fxe3 Bh6 25. Kf2 Bg5 26. a5 Kf8 27. b6 Bc8 28. Rab1 Ba6 29. b7 Rb8 30. Rb6 Rxb7 31. Rxb7 Bxb7 32. a6 Ba8 33. Rb1 Ke7 34. Rb7+ Ke6 35. Rc7 d5 36. Rc8 d4 37. Rxa8 Bxe3+ 38. Ke2 Bg5 39. a7 d3+ 40. Kd1 e3 41. Re8+ Kf5 42. a8Q e2+ 43. Ke1 Bh4+ 44. g3 Bxg3+ 45. hxg3 d2+ 46. Kxd2 e1Q+ 47. Kxe1 1-0

[Event "GER-ch U12"]
[Site "Oberhof"]
[Date "2010.05.28"]
[Round "10"]
[White "Engert, Marvin"]
[Black "Bauer, Bjoern Benny"]
[Result "1-0"]
[WhiteElo "1612"]
[BlackElo "1821"]
[PlyCount "79"]
[EventDate "2010.05.22"]
[EventType "swiss"]
[EventRounds "11"]
[EventCountry "GER"]
[SourceTitle "CBM 136 Extra"]
[Source "ChessBase"]
[SourceDate "2010.07.02"]
[SourceVersion "2"]
[SourceVersionDate "2010.07.15"]
[SourceQuality "1"]

1. e4 c5 2. Nc3 Nc6 3. g3 g6 4. Bg2 Bg7 5. f4 d6 6. Nf3 e6 7. d3 Nge7 8. 0-0 0-0 9. Be3 Nd4 10. Rb1 Nec6 11. Ne2 b6 12. c3 Nxe2+ 13. Qxe2 Ba6 14. Rfd1 Rb8 15. Qf2 d5 16. e5 f6 17. d4 cxd4 18. cxd4 Qe7 19. Qd2 Rfc8 20. Rdc1 Rc7 21. Rc3 Rbc8 22. Rbc1 Bb5 23. g4 f5 24. gxf5 gxf5 25. Bf2 Na5 26. Bh4 Qd7 27. Ng5 Nc4 28. Qf2 h6 29. Nxe6 Qxe6 30. b3 Nxe5 31. Rxc7 Rxc7 32. Rxc7 Ng4 33. Qd2 h5 34. Re7 Qd6 35. h3 Bf6 36. Bxf6 Nxf6 37. Qe3 Kf8 38. Re6 Qd8 39. Qe5 Kg7 40. Bxd5 1-0

[Event "GER-ch U12"]
[Site "Oberhof"]
[Date "2010.05.26"]
[Round "6"]
[White "Engert, Marvin"]
[Black "Bykov, Ilya"]
[Result "1-0"]
[WhiteElo "1612"]
[BlackElo "1477"]
[PlyCount "127"]
[EventDate "2010.05.22"]
[EventType "swiss"]
[EventRounds "11"]
[EventCountry "GER"]
[SourceTitle "CBM 136 Extra"]
[Source "ChessBase"]
[SourceDate "2010.07.02"]
[SourceVersion "2"]
[SourceVersionDate "2010.07.15"]
[SourceQuality "1"]

1. e4 c5 2. Nc3 Nc6 3. f4 g6 4. Nf3 Bg7 5. d3 d6 6. g3 e6 7. Bg2 Nge7 8. 0-0 0-0 9. Be3 Nd4 10. Rb1 a5 11. Ne2 Nxe2+ 12. Qxe2 Qc7 13. c3 b5 14. d4 c4 15. g4 f5 16. gxf5 exf5 17. e5 d5 18. Qe1 h6 19. h4 Be6 20. Bh3 Kh8 21. Qg3 Bf7 22. Kf2 Rg8 23. Rh1 b4 24. Bd2 bxc3 25. Bxc3 a4 26. a3 Qb6 27. Nd2 Nc6 28. Bg2 Bf8 29. Ke3 Na7 30. Nxc4 Qa6 31. Nd2 Nb5 32. Bf1 Qb6 33. Bxb5 Qxb5 34. Rbg1 Rc8 35. Kf2 Rc6 36. Qh3 Qb6 37. h5 Qc7 38. hxg6 Bxg6 39. Rg3 Qf7 40. Rhg1 Bh7 41. Rxg8+ Bxg8 42. Nf3 Bh7 43. Ne1 Rg6 44. Rxg6 Qxg6 45. Qg2 Qxg2+ 46. Kxg2 Bg8 47. Nc2 Bf7 48. Bb4 Bg7 49. Be7 Kh7 50. Na1 Bh5 51. b4 axb3 52. Nxb3 Kg8 53. Nc5 Kf7 54. Bd6 Ke8 55. a4 Be2 56. a5 Bb5 57. a6 Bc6 58. a7 Bf8 59. Bxf8 Kxf8 60. Ne6+ Ke7 61. Nc7 Kd7 62. a8Q Bxa8 63. Nxa8 Kc6 64. Kh3 1-0